|
|
|
|
| LEADER |
01101cam a2200265 7i4500 |
| 001 |
0000033169 |
| 005 |
20170329090000.0 |
| 008 |
100622 eng |
| 020 |
|
|
|a 9780201844566 (pbk.)
|
| 020 |
|
|
|a 0201844567 (pbk.)
|
| 090 |
0 |
0 |
|a QA76.76.A65
|b L56 2004
|
| 100 |
1 |
|
|a Linthicum, David S
|
| 245 |
1 |
0 |
|a Next generation application integration :
|b from simple information to Web services
|c David S. Linthicum.
|
| 260 |
|
|
|a Boston:
|b Addison-Wesley,
|c 2004.
|
| 300 |
|
|
|a xxiii, 488 p.:
|b ill.;
|c 24 cm.
|
| 490 |
0 |
|
|a Addison-Wesley information technology series
|
| 504 |
|
|
|a Includes bibliographical references and index
|
| 650 |
0 |
0 |
|a Application software --
|x Development
|
| 650 |
0 |
0 |
|a Business enterprise --
|x Data processing
|
| 650 |
0 |
0 |
|a Web services
|
| 997 |
|
|
|a Education & Social Sciences, Faculty
|b Social Sciences, Department
|
| 998 |
|
|
|a Industrial Psychology, Degree
|
| 999 |
|
|
|a 0000041036
|b BOK
|c OPEN SHELF
|e 2nd Floor, Bestari Jaya
|
| 999 |
|
|
|a 0000041476
|b BOK
|c OPEN SHELF
|e 2nd Floor, Bestari Jaya
|
| 999 |
|
|
|a 0000041477
|b BOK
|c OPEN SHELF
|e 2nd Floor, Bestari Jaya
|